常用漢字ドボンクイズ - Statistics

General Stats
  • This quiz has been taken 727 times
  • The average score is 4 of 32
Answers on the Grid
Answers color-coded by a green-red scale on the quiz's grid according to % correct below.
 
Answer Stats
Answer % Correct
29%
23%
22%
21%
19%
16%
15%
14%
14%
14%
14%
14%
13%
13%
13%
12%
12%
12%
12%
11%
11%
11%
11%
11%
10%
10%
10%
9%
9%
9%
8%
7%
No matching quizzes found
Score Distribution
Percent of People with Each Score
Percentile by Number Answered
Your Score History
You have not taken this quiz